00990nam a2200265 a 450000500170000000800410001701000140005802000260007202000230009803500130012103500170013403700150015103700220016604000180018808200180020610000220022424500870024626000460033327000640037930000380044350000500048165000760053165000640060765000530067120090806142124.0080214s2008 nyua b 001 0 eng  aENG-94652 a9780198060475c695.00 a0198060475c695.00 aEN-78185 aB-361776-780 bDBAD / PUB bUppal Book Store  adplbEnglish  a781.542095441 aBooth, Gregory D. aBehind the curtain :bmaking music in Mumbai's film studios /cby Gregory D. Booth aNew Delhi bOxford University Pressc2008 aYMCA Library Building, Jai Singh Road, bNew Delhi e110001 aviii, 321 p. :bill. ;c24cm(Hb)  aIncludes bibliographical references and index aMotion picture musicxProduction and directionzIndiazBombayxHistory. aMotion picture musiczIndiazBombayxHistory and criticism. aMotion picture industryzIndiazBombayxHistory.